<?xml version="1.0" encoding="UTF-8"?>
<marc:record xmlns:marc="http://www.loc.gov/MARC21/slim">
   <marc:leader>00000nam a2200000 a 4500</marc:leader>
   <marc:datafield ind1="1" ind2=" " tag="100">
      <marc:subfield code="a">Gray, Gloria</marc:subfield>
      <marc:subfield code="4">aut</marc:subfield>
      <marc:subfield code="e">Verfasser/-in</marc:subfield>
   </marc:datafield>
   <marc:datafield ind1="1" ind2=" " tag="100">
      <marc:subfield code="a">Felder, Robin</marc:subfield>
      <marc:subfield code="4">aut</marc:subfield>
      <marc:subfield code="e">Verfasser/-in</marc:subfield>
   </marc:datafield>
   <marc:datafield ind1=" " ind2=" " tag="653">
      <marc:subfield code="a">Fiktionale Darstellung</marc:subfield>
   </marc:datafield>
   <marc:datafield ind1=" " ind2=" " tag="653">
      <marc:subfield code="a">Spannung</marc:subfield>
   </marc:datafield>
   <marc:datafield ind1="0" ind2="0" tag="245">
      <marc:subfield code="a">Grüße aus Bad Seltsham</marc:subfield>
   </marc:datafield>
   <marc:datafield ind1="0" ind2="0" tag="245">
      <marc:subfield code="b">Vikki Victorias zweiter Zwischenfall : Krimi</marc:subfield>
   </marc:datafield>
   <marc:datafield ind1="0" ind2="0" tag="245">
      <marc:subfield code="c">Gray, Gloria</marc:subfield>
   </marc:datafield>
   <marc:datafield ind1=" " ind2="1" tag="264">
      <marc:subfield code="a">München</marc:subfield>
      <marc:subfield code="b">dtv</marc:subfield>
      <marc:subfield code="c">2022</marc:subfield>
   </marc:datafield>
   <marc:datafield ind1=" " ind2=" " tag="250">
      <marc:subfield code="a">Originalausgabe</marc:subfield>
   </marc:datafield>
   <marc:datafield ind1="1" ind2=" " tag="520">
      <marc:subfield code="a">Angaben aus der Verlagsmeldung &#xD;
&#xD;
 Grüße aus Bad Seltsham  : Vikki Victorias zweiter Zwischenfall  / von Gloria Gray, Robin Felder&#xD;
&#xD;
&#xD;
            &#xD;
&#xD;
                Ein Handy als Mordwaffe? Ja, da schaust!&#xD;
            &#xD;
            &#xD;
Dass der Großunternehmer Adi Dietz seinem Kumpel Olaf eine Privatnachricht schickt, in der er die Vikki mit einem bestimmten unflätigen Begriff beleidigt, kann der Vikki wurst sein. Bis, ja bis leider der Olaf die Nachricht öffentlich macht (mit besten Absichten, natürlich!) und Vikki dadurch mitten in einen Publicitystrudel zieht, der sich gewaschen hat. Als Vikki dann genau diesen Olaf tot in seinem Homeshopping-Sender-Chefbüro auffindet, macht die Polizei sie flugs zur Hauptverdächtigen. Um ihre Unschuld zu beweisen, sucht die Vikki nach dem echten Mörder, wobei da mehrere Gestalten infrage kommen. Und dann taucht auch noch die Rotlichtlegende Erwin »Dampfhammer« Faltermeyer auf und mischt mit. Da reicht’s einem doch schon wieder ...</marc:subfield>
   </marc:datafield>
   <marc:datafield ind1=" " ind2=" " tag="020">
      <marc:subfield code="a">9783423220194</marc:subfield>
      <marc:subfield code="9">9783423220194</marc:subfield>
   </marc:datafield>
   <marc:datafield ind1=" " ind2=" " tag="020">
      <marc:subfield code="a">3423220198</marc:subfield>
      <marc:subfield code="9">3423220198</marc:subfield>
   </marc:datafield>
   <marc:datafield ind1=" " ind2=" " tag="041">
      <marc:subfield code="a">ger</marc:subfield>
   </marc:datafield>
   <marc:datafield ind1=" " ind2=" " tag="338">
      <marc:subfield code="a">Band</marc:subfield>
   </marc:datafield>
   <marc:datafield ind1=" " ind2=" " tag="300">
      <marc:subfield code="a">376 Seiten</marc:subfield>
   </marc:datafield>
</marc:record>
